| 000 | 00551nam a2200145Ia 4500 | ||
|---|---|---|---|
| 008 | 170221s9999 xx 000 0 und d | ||
| 100 | _aIrina Vasilevna Koval | ||
| 245 | _aImproving Dairy Plant Procurement in a Competitive Dairy Market of Primorsky Krai | ||
| 245 | _cIrina Vasilevna Koval, Oksana Yuryevna Vinichuk, Svetlana Evgenievna Savostina | ||
| 260 | _bInternational Review of Management and Marketing | ||
| 260 | _c2016 | ||
| 300 | _a15 : 6 | ||
| 650 | _xMarketing. | ||
| 856 | _uhttp://www.econjournals.com/index.php/irmm/issue/view/83 | ||
| 999 |
_c312093 _d312093 |
||